| 000 | 00396ntaaa2200169 4500 | ||
|---|---|---|---|
| 003 | 01 | ||
| 005 | 20251027202028.0 | ||
| 008 | 0714s1973 ag 01 | ||
| 040 |
_aAR-BaBN _bspa _cAR-BaBN _eaacr _dRIC |
||
| 082 | _a248.8600 P39d | ||
| 100 |
_aPeppler, Alice Stolper _918938 |
||
| 245 | _aDivordiada | ||
| 250 | _a1 ed. | ||
| 260 |
_aBuenos Aires : _bAurora, _c1976 |
||
| 300 | _a109 p | ||
| 942 | _cBK | ||
| 999 |
_c15086 _d15086 |
||